| 000 | 00601njm a2200241 c 4500 | ||
|---|---|---|---|
| 003 | BLK | ||
| 005 | 20180413144134.0 | ||
| 008 | 180410b bul||n||s|||||||| n|bulo| | ||
| 010 | _aCDD00001816000 | ||
| 040 | _aBLK | ||
| 041 |
_aBUL _cBUL |
||
| 139 |
_aThe best of Yanni [CD-ROM] _b |
||
| 245 | 1 | 0 | _aThe best of Yanni [CD-ROM] |
| 257 | _aBGR | ||
| 260 |
_аNew York _c1997 |
||
| 380 | _a7 | ||
| 590 | _aS.N: 59530 от КНИГИ | ||
| 852 |
_aЦб CD 1019 _p0 |
||
| 856 | 4 |
_qpdf _u |
|
| 856 | 4 |
_qpdf _u |
|
| 942 |
_cCDD _n0 |
||
| 944 |
_aCR _c23.05.2006 _kВаля_Йорданова |
||
| 944 |
_aED _c23.05.2006 _k |
||
| 999 |
_c219450 _d219450 |
||